<?xml version="1.0" encoding="UTF-8"?><?xml-stylesheet type="text/xsl" href="static/style.xsl"?><OAI-PMH xmlns="http://www.openarchives.org/OAI/2.0/" xmlns:xsi="http://www.w3.org/2001/XMLSchema-instance" xsi:schemaLocation="http://www.openarchives.org/OAI/2.0/ http://www.openarchives.org/OAI/2.0/OAI-PMH.xsd"><responseDate>2026-06-01T02:18:09Z</responseDate><request verb="GetRecord" identifier="oai:riuma.uma.es:10630/23505" metadataPrefix="marc">https://riuma.uma.es/rest/oai/request</request><GetRecord><record><header><identifier>oai:riuma.uma.es:10630/23505</identifier><datestamp>2026-02-03T10:56:57Z</datestamp><setSpec>com_10630_2254</setSpec><setSpec>col_10630_37953</setSpec></header><metadata><record xmlns="http://www.loc.gov/MARC21/slim" xmlns:dcterms="http://purl.org/dc/terms/" xmlns:doc="http://www.lyncode.com/xoai" xmlns:xsi="http://www.w3.org/2001/XMLSchema-instance" xsi:schemaLocation="http://www.loc.gov/MARC21/slim http://www.loc.gov/standards/marcxml/schema/MARC21slim.xsd">
   <leader>00925njm 22002777a 4500</leader>
   <datafield ind2=" " ind1=" " tag="042">
      <subfield code="a">dc</subfield>
   </datafield>
   <datafield ind2=" " ind1=" " tag="720">
      <subfield code="a">Atallah, Edmond</subfield>
      <subfield code="e">author</subfield>
   </datafield>
   <datafield ind2=" " ind1=" " tag="720">
      <subfield code="a">Freixo, Cristiana</subfield>
      <subfield code="e">author</subfield>
   </datafield>
   <datafield ind2=" " ind1=" " tag="720">
      <subfield code="a">Álvarez-Álvarez, Ismael</subfield>
      <subfield code="e">author</subfield>
   </datafield>
   <datafield ind2=" " ind1=" " tag="720">
      <subfield code="a">Cubero, Francisco Javier</subfield>
      <subfield code="e">author</subfield>
   </datafield>
   <datafield ind2=" " ind1=" " tag="720">
      <subfield code="a">Gerbes, Alexander L</subfield>
      <subfield code="e">author</subfield>
   </datafield>
   <datafield ind2=" " ind1=" " tag="720">
      <subfield code="a">Kullak-Ublick, Gerd A</subfield>
      <subfield code="e">author</subfield>
   </datafield>
   <datafield ind2=" " ind1=" " tag="720">
      <subfield code="a">Aithal, Guruprasad P.</subfield>
      <subfield code="e">author</subfield>
   </datafield>
   <datafield ind2=" " ind1=" " tag="260">
      <subfield code="c">2021-11-15</subfield>
   </datafield>
   <datafield ind2=" " ind1=" " tag="520">
      <subfield code="a">Introduction: Idiosyncratic drug-induced liver injury (DILI) is an unpredictable event, and there are no specific biomarkers that can distinguish DILI from alternative explanations or predict its clinical outcomes.&#xd;
Areas covered: This systematic review summarizes the available evidence for all biomarkers proposed to have a role in the diagnosis or prognosis of DILI. Following a comprehensive search, we included all types of studies in humans. We included DILI cases based on any threshold criteria but excluded intrinsic DILI, commonly caused by paracetamol overdose. We classified studies into diagnostic and prognostic categories and assessed their methodological quality. After reviewing the literature, 14 studies were eligible.&#xd;
Expert Opinion: Diagnostic studies were heterogeneous with regard to the study population and outcomes measured. Prognostic models were developed by integrating novel biomarkers, risk scores, and traditional biomarkers, which increased their prognostic ability to predict death or transplantation by 6 months. This systematic review highlights the case of need for non-genetic biomarkers that distinguish DILI from acute liver injury related to alternative etiology. Biomarkers with the potential to identify serious adverse outcomes from acute DILI should be validated in independent prospective cohorts with a substantial number of cases.</subfield>
   </datafield>
   <datafield ind1="8" ind2=" " tag="024">
      <subfield code="a">Edmond Atallah, Cristiana Freixo, Ismael Alvarez-Alvarez, F.J Cubero, Alexander L. Gerbes, Gerd A. Kullak-Ublick &amp; Guruprasad P. Aithal (2021) Biomarkers of idiosyncratic drug-induced liver injury (DILI) - a systematic review, Expert Opinion on Drug Metabolism &amp; Toxicology, 17:11, 1327-1343, DOI: 10.1080/17425255.2021.1999410</subfield>
   </datafield>
   <datafield ind1="8" ind2=" " tag="024">
      <subfield code="a">https://hdl.handle.net/10630/23505</subfield>
   </datafield>
   <datafield ind1="8" ind2=" " tag="024">
      <subfield code="a">10.1080/17425255.2021.1999410</subfield>
   </datafield>
   <datafield tag="653" ind2=" " ind1=" ">
      <subfield code="a">Hígado -- Enfermedades</subfield>
   </datafield>
   <datafield tag="653" ind2=" " ind1=" ">
      <subfield code="a">Medicamentos</subfield>
   </datafield>
   <datafield ind2="0" ind1="0" tag="245">
      <subfield code="a">Biomarkers of idiosyncratic drug-induced liver injury (DILI) - a systematic review</subfield>
   </datafield>
</record>
</metadata></record></GetRecord></OAI-PMH>